Sembrar y cosechar leña: (Registro nro. 17675)

Detalles MARC
000 -CABECERA
Campo de control 01551nam a22002657a 4500
005 - FECHA Y HORA DE LA ULTIMA TRANSACCION
Campo de control 20160908142723.0
008 - ELEMENTOS DE LONGITUD FIJA—INFORMACION GENERAL
Campo de control 150814t2014 ck |||||r|||| 00| 0 spa d
040 ## - FUENTE DE CATALOGACIÓN
Agencia catalogadora original CO-BoIAVH
Agencia transcriptora CO-BoIAVH
041 0# - IDIOMA
Código de idioma para texto/pista de sonido o título separado Español
044 ## - PAÍS DE PUBLICACIÓN
País de publicación Colombia
090 ## - CLASIFICACIÓN LOCAL
Colección EA-
Consecutivo 306
100 1# - ASIENTO PRINCIPAL--NOMBRE PERSONAL
Nombre personal Castaño Murillo, Benjamín
9 (RLIN) 10250
245 1# - MENCION DE TITULO
Título Sembrar y cosechar leña:
Parte restante del título Manual para el establecimiento de huertos leñeros /
Mención de responsabilidad Benjamín Castaño Murillo, Fondo Patrimonio Natural y Fundación MarViva
260 3# - PUBLICACION, DISTRIBUCION, ETC. (PIE DE IMPRENTA)
Lugar de publicación, distribución, etc. Bogotá (Colombia):
Nombre del editor, distribuidor, etc. Fundación MarViva,
Fecha de publicación, distribución, etc. 2014.
300 ## - DESCRIPCION FISICA
Extensión 28 p.
Otros detalles físicos ilustraciones, fotografías, color.
Dimensiones 22 cm.
490 ## - MENCION DE SERIE
Mención de serie Proyecto Incentivos a la Conservación, caso piloto Pacífico
505 ## - NOTA DE CONTENIDO
Nota de contenido Sembrar y cosechar leña, manual para cosechar huertos leñeros.<br/>Huertos leñeros.<br/>Mapa de los huertos leñeros en el Golfo de Tribugá.<br/>Selección de las especies.<br/>Tratamiento de las semillas.<br/>Los viveros forestales.<br/>El manejo de los viveros de producción.<br/>Planeación de los huertos leñeros.<br/>Zonificación del terreno y diseño del huerto.<br/>En el momento de la siembra...<br/>Actividades de manejo.<br/>Manejo de árboles leñeros.
650 #6 - ASIENTO SECUNDARIO DE MATERIA - TERMINO TEMATICO
Término temático o nombre geográfico como elemento de entrada Siembra
Subdivisión general Producto forestal
Subdivisión geográfica Golfo de Tribugá (Colombia)
9 (RLIN) 36932
650 #6 - ASIENTO SECUNDARIO DE MATERIA - TERMINO TEMATICO
Término temático o nombre geográfico como elemento de entrada Cosecha
Subdivisión general Producto forestal
Subdivisión geográfica Golfo de Tribugá (Colombia)
9 (RLIN) 36933
650 #6 - ASIENTO SECUNDARIO DE MATERIA - TERMINO TEMATICO
Término temático o nombre geográfico como elemento de entrada Producto forestal
Subdivisión general Buenas prácticas
Subdivisión geográfica Golfo de Tribugá (Colombia)
9 (RLIN) 36934
650 #6 - ASIENTO SECUNDARIO DE MATERIA - TERMINO TEMATICO
9 (RLIN) 36935
Término temático o nombre geográfico como elemento de entrada Huertos familiares
Subdivisión de forma Manual
Subdivisión general Producto forestal
710 2# - ASIENTO SECUNDARIO - NOMBRE CORPORATIVO
Nombre corporativo o de jurisdicción como elemento de entrada Fondo Patrimonio Natural
9 (RLIN) 36936
710 2# - ASIENTO SECUNDARIO - NOMBRE CORPORATIVO
Nombre corporativo o de jurisdicción como elemento de entrada Fundación MarViva
9 (RLIN) 36927
942 ## - ELEMENTOS ADICIONALES (KOHA)
Sistema de clasificación Local
Tipo de ítem Folleto
Existencias
Withdrawn status Lost status Sistema de Clasificación Damaged status No para préstamo Colección Inventariado Ubicación Permanente Ubicación actual Fecha de adquisición Total Checkouts Número topográfico Inventario / Código de Barras Date last seen Ejemplar Price effective from Forma de adquisición Tipo de material
    Local     Educación Ambiental Inventariado 2017 Sala Fabio Quevedo Sala Fabio Quevedo 14/08/2015   EA-306 038945 14/08/2015 Ej. 1 14/08/2015 Canje Folleto